000 00596nam a2200241Ia 4500
003 OSt
005 20221007082616.0
006 a|||||r|||| 00| 0
007 ta
008 221006b |||||||| |||| 00| 0 eng d
024 _a43,388
037 _cTextual
040 _aFLL
_cFLL
_beng
041 _2eng
_aeng
082 _aY:45:(Z1), Q4.4
100 _aBergsmo M
245 0 _aHistorical origins of international criminal law
260 _c2014
300 _ad p
_ccm.
490 _vVol-IV
942 _hY:45:(Z1), Q4.4
_cTEXL
_2CC
999 _c1167056
_d1167056